000 00564cab a2200193 4500
001 WB2239-06
008 090401t1986 xxu||||| |||| 00| 0 eng d
035 _a(Sirsi) u7147
041 _aeng
245 _aAid for small builders
260 _c1986
350 _a0
490 _aFinancial Times
_vWeekend 27/10/86 p10
520 _aAnglia Building Society is launching a financial advice service for small builders, self-build groups and housing associations.
650 _aHOUSE BUILDING
690 _aBUILT ENVIRONMENT
942 _n0
948 _c04/03/1997
999 _c4272
_d4272